| 000 | 00545nam a2200193Ia 4500 | ||
|---|---|---|---|
| 003 | OSt | ||
| 005 | 20240422104449.0 | ||
| 008 | 210210b1985 xxu||||| |||| 00| 0 eng d | ||
| 040 | _cAL | ||
| 041 | _aHindi | ||
| 082 | _aH891.4 KICA | ||
| 100 |
_aKICHLU (Ram Prasad). _dकिचलू रामप्रसाद _9161865 |
||
| 245 |
_aAdunik nibhandh. _b आधुनिक निभांध |
||
| 260 |
_aIlahabad _bRaj Kishore Pablikeshans _c1985 |
||
| 300 | _a583 | ||
| 690 |
_aHindi Prose _9161866 |
||
| 906 | _a039347 | ||
| 942 |
_2ddc _cBK |
||
| 999 |
_c89133 _d89133 |
||